000 00614nam a22002297a 4500
003 UA-OsUOA
001 87140
007 ta
008 20120914b un ||||| |||| 00| 0 ukr d
100 _aРоллан Р.
090 _a821.193.1
_bР67
942 _cBK
040 _aUA-OsUOA
_brus
_cUA-OsUOA
_dUA-OsUOA
245 _aКола Брюньон. "Жив курилка"
300 _a256 с.
955 _a3
041 _arus
080 _a821.193.1
260 _aМ.
_bМолодая гвардия
_c1974
650 7 _a82 Література. Літературознавство
_2UDC
999 _c373431
_d373431